Problems for physics students : (Record no. 3592)
[ view plain ]
| 000 -LEADER | |
|---|---|
| fixed length control field | 00952pam a2200265 a 4500 |
| 001 - CONTROL NUMBER | |
| control field | 915215 |
| 003 - CONTROL NUMBER IDENTIFIER | |
| control field | OSt |
| 005 - DATE AND TIME OF LATEST TRANSACTION | |
| control field | 20160418163337.0 |
| 008 - FIXED-LENGTH DATA ELEMENTS--GENERAL INFORMATION | |
| fixed length control field | 820506s1982 enka 000 0 eng |
| 010 ## - LIBRARY OF CONGRESS CONTROL NUMBER | |
| LC control number | 82004575 |
| 020 ## - INTERNATIONAL STANDARD BOOK NUMBER | |
| International Standard Book Number | 052124921X |
| 020 ## - INTERNATIONAL STANDARD BOOK NUMBER | |
| International Standard Book Number | 0521270731 (pbk.) |
| 040 ## - CATALOGING SOURCE | |
| Original cataloging agency | DLC |
| Transcribing agency | DLC |
| Modifying agency | DLC |
| 050 00 - LIBRARY OF CONGRESS CALL NUMBER | |
| Classification number | QC32 |
| Item number | .R56 1982 |
| 082 00 - DEWEY DECIMAL CLASSIFICATION NUMBER | |
| Classification number | 530 |
| Edition number | 19 |
| Item number | RIL 1982 |
| 100 1# - MAIN ENTRY--PERSONAL NAME | |
| Personal name | Riley, K. F. |
| Fuller form of name | (Kenneth Franklin), |
| Dates associated with a name | 1936- |
| 9 (RLIN) | 2756 |
| 245 10 - TITLE STATEMENT | |
| Title | Problems for physics students : |
| Remainder of title | with hints and answers / |
| Statement of responsibility, etc. | K.F. Riley. |
| 260 ## - PUBLICATION, DISTRIBUTION, ETC. (IMPRINT) | |
| Place of publication, distribution, etc. | Cambridge ; |
| -- | New York : |
| Name of publisher, distributor, etc. | Cambridge University Press, |
| Date of publication, distribution, etc. | 1982. |
| 300 ## - PHYSICAL DESCRIPTION | |
| Extent | ix, 179 p. : |
| Other physical details | ill. ; |
| Dimensions | 23 cm. |
| 650 #0 - SUBJECT ADDED ENTRY--TOPICAL TERM | |
| Topical term or geographic name as entry element | Physics |
| General subdivision | Problems, exercises, etc. |
| 9 (RLIN) | 8018 |
| 856 42 - ELECTRONIC LOCATION AND ACCESS | |
| Materials specified | Publisher description |
| Uniform Resource Identifier | http://www.loc.gov/catdir/description/cam022/82004575.html |
| 856 41 - ELECTRONIC LOCATION AND ACCESS | |
| Materials specified | Table of contents |
| Uniform Resource Identifier | http://www.loc.gov/catdir/toc/cam028/82004575.html |
| 906 ## - LOCAL DATA ELEMENT F, LDF (RLIN) | |
| a | 7 |
| b | cbc |
| c | orignew |
| d | 1 |
| e | ocip |
| f | 19 |
| g | y-gencatlg |
| 942 ## - ADDED ENTRY ELEMENTS (KOHA) | |
| Source of classification or shelving scheme | Dewey Decimal Classification |
| Koha item type | Short Loan |
| Withdrawn status | Lost status | Source of classification or shelving scheme | Damaged status | Not for loan | Home library | Current library | Date acquired | Inventory number | Total Checkouts | Full call number | Barcode | Date last seen | Price effective from | Koha item type | Source of acquisition |
|---|---|---|---|---|---|---|---|---|---|---|---|---|---|---|---|
| Dewey Decimal Classification | MUST Main Library | MUST Main Library | 18/04/2016 | 2004/20770 | 530 RIL 1982 | 2016-0962 | 18/04/2016 | 18/04/2016 | Short Loan | ||||||
| Dewey Decimal Classification | MUST Main Library | MUST Main Library | 19/04/2016 | 2004/20771 | 530 RIL 1982 | 2016-1005 | 19/04/2016 | 19/04/2016 | Short Loan | ||||||
| Dewey Decimal Classification | MUST Main Library | MUST Main Library | 21/01/2022 | 04/20772 | 530 RIL 1982 | 2022-0093 | 21/01/2022 | 21/01/2022 | Open Shelf | Purchase | |||||
| Dewey Decimal Classification | MUST Main Library | MUST Main Library | 21/01/2022 | 05/25054 | 530 RIL 1982 | 2022-0094 | 21/01/2022 | 21/01/2022 | Open Shelf | Purchase | |||||
| Other/Generic Classification Scheme | MUST Main Library | MUST Main Library | 18/06/2024 | 05/25053 | 530 RIL 1982 | 2024-20817 | 18/06/2024 | 18/06/2024 | Open Shelf | Purchase | |||||
| Other/Generic Classification Scheme | MUST Main Library | MUST Main Library | 18/06/2024 | 05/25052 | 530 RIL 1982 | 2024-20819 | 18/06/2024 | 18/06/2024 | Open Shelf | Purchase |
